00000000nam##2200000za#4500
0019.523584
003CaOODSP
00520200327030059
007ta
008150406|1993||||xxc|||||     f|0| 0 eng|d
022 |a0706-6457
040 |aCaOODSP|beng
041 |aeng
041 |afre
043 |an-cn---
0861 |aFs97-6/1942
1101 |aCanada. |bDepartment of Fisheries and Oceans.
24510|aProceedings of the nineteenth annual aquatic toxicity workshop: October 4-7, 1992, Edmonton, Alberta / |cEdited by E. G. Baddaloo et al.
260 |aOttawa - Ontario : |bFisheries and Oceans Canada |c1993.
300 |a489p. : |bfigs., graphs, references, tables ; |c28 cm.
4901 |aCanadian technical report of fisheries and aquatic sciences|x0706-6457|v1942
500 |aPrepared in the Alberta Environment, Environmental Protection, 9820-106 Street, Edmonton, Alberta T5K 2J6 and Alberta Environmental Centre, Bag 4000, Vegreville, Alberta T0B 4L0.
546 |aPrefatory, material bilingual, text in English. (Résumés en français
563 |aRing binding
7201 |aBaddaloo, E. G.
7760#|tComptes rendus dix-neuvième atelier annuel sur la toxicité aquatique du 4-7 octobre 1992, Edmonton, Alberta / |w(CaOODSP)9.589912
792 |tComptes rendus dix-neuvième atelier annuel sur la toxicité aquatique: du 4-7 octobre 1992, Edmonton, Alberta / |efre|w(CaOODSP)9.523585
830#0|aCanadian technical report of fisheries and aquatic sciences,|x0706-6457|v1942|w(CaOODSP)9.514690